ARRUPE JESUIT UNIVERSITY

CORONAVIRUS -STOP THE SPREAD - CLEAN,DISINFECT,COVER

The lure of Babylon : (Record no. 125133)

MARC details
000 -LEADER
fixed length control field 01497cam a2200385 a 4500
001 - CONTROL NUMBER
control field 4524473
003 - CONTROL NUMBER IDENTIFIER
control field ARRUPE
005 - DATE AND TIME OF LATEST TRANSACTION
control field 20160919103148.0
008 - FIXED-LENGTH DATA ELEMENTS--GENERAL INFORMATION
fixed length control field 011121s2001 gaua b 001 0 eng
010 ## - LIBRARY OF CONGRESS CONTROL NUMBER
LC control number 2001018332
020 ## - INTERNATIONAL STANDARD BOOK NUMBER
International Standard Book Number 0865547203
035 ## - SYSTEM CONTROL NUMBER
System control number (OCoLC)45784225
035 ## - SYSTEM CONTROL NUMBER
System control number (OCoLC)ocm45784225
035 ## - SYSTEM CONTROL NUMBER
System control number (NNC)4524473
040 ## - CATALOGING SOURCE
Original cataloging agency DLC
Transcribing agency DLC
Modifying agency DLC
-- NNUT
043 ## - GEOGRAPHIC AREA CODE
Geographic area code e-uk---
050 ## - LIBRARY OF CONGRESS CALL NUMBER
Classification number PR868.R5S35 2001
090 ## - LOCALLY ASSIGNED LC-TYPE CALL NUMBER (OCLC); LOCAL CALL NUMBER (OCLC)
Classification number (OCLC) (R) ; Classification number, CALL (RLIN) (NR) PR868.R5
Local cutter number (OCLC) ; Book number/undivided call number, CALL (RLIN) S35 2001
300 ## - PHYSICAL DESCRIPTION
Other physical details ill. ;
Dimensions 24 cm
100 1# - MAIN ENTRY--PERSONAL NAME
Personal name Schiefelbein, Michael E.
9 (RLIN) 25460
245 14 - TITLE STATEMENT
Title The lure of Babylon :
Remainder of title seven Protestant novelists and Britain's Roman Catholic revival /
Statement of responsibility, etc by Michael E. Schiefelbein
250 ## - EDITION STATEMENT
Edition statement 1st ed
260 ## - PUBLICATION, DISTRIBUTION, ETC. (IMPRINT)
Place of publication, distribution, etc Macon, Ga. :
Name of publisher, distributor, etc Mercer University Press,
Date of publication, distribution, etc 2001
300 ## - PHYSICAL DESCRIPTION
Extent 202 p. :
504 ## - BIBLIOGRAPHY, ETC. NOTE
Bibliography, etc Includes bibliographical references (p. [185]-191) and index
610 20 - SUBJECT ADDED ENTRY--CORPORATE NAME
Corporate name or jurisdiction name as entry element Catholic Church
Geographic subdivision Great Britain
General subdivision History
Chronological subdivision 19th century.
9 (RLIN) 25461
610 20 - SUBJECT ADDED ENTRY--CORPORATE NAME
Corporate name or jurisdiction name as entry element Catholic Church
General subdivision In literature.
9 (RLIN) 16114
650 #0 - SUBJECT ADDED ENTRY--TOPICAL TERM
Topical term or geographic name as entry element English fiction
Chronological subdivision 19th century
General subdivision History and criticism.
9 (RLIN) 25462
650 #0 - SUBJECT ADDED ENTRY--TOPICAL TERM
Topical term or geographic name as entry element Christianity and literature
Geographic subdivision Great Britain
General subdivision History
Chronological subdivision 19th century.
9 (RLIN) 25463
650 #0 - SUBJECT ADDED ENTRY--TOPICAL TERM
Topical term or geographic name as entry element English fiction
General subdivision Protestant authors
-- History and criticism.
9 (RLIN) 25464
650 #0 - SUBJECT ADDED ENTRY--TOPICAL TERM
Topical term or geographic name as entry element Protestantism and literature
General subdivision History
Chronological subdivision 19th century.
9 (RLIN) 25465
650 #0 - SUBJECT ADDED ENTRY--TOPICAL TERM
Topical term or geographic name as entry element Christian fiction, English
General subdivision History and criticism.
9 (RLIN) 25466
650 #0 - SUBJECT ADDED ENTRY--TOPICAL TERM
Topical term or geographic name as entry element Religious fiction, English
General subdivision History and criticism.
9 (RLIN) 25467
942 ## - ADDED ENTRY ELEMENTS (KOHA)
Source of classification or shelving scheme Library of Congress Classification
Koha item type Monograph ( Printed materials)
Holdings
Withdrawn status Lost status Source of classification or shelving scheme Damaged status Not for loan Collection code Home library Current library Shelving location Date acquired Total Checkouts Full call number Barcode Date last seen Price effective from Koha item type
    Library of Congress Classification     Main Collection ARRUPE LIBRARY ARRUPE LIBRARY Main Collection 24/08/2016   PR868.R5 S35 2001 46500010258 24/08/2016 24/08/2016 Monograph ( Printed materials)

 

Arrupe Library. PO Box MP320 Mt Pleasant, Harare, Zimbabwe
263 242 745411|librarian@aju.ac.zw